| Поле | Название | Значение |
| |
Тип записи |
m |
| |
Библиографический уровень |
m |
| 001 |
Контрольный номер |
6465becff3524dfbb22b57d241a008fc |
| 005 |
Дата корректировки |
20260625161343.9 |
| 041 |
Код языка издания |
0_ |
| a |
Код языка текста |
eng |
| 080 |
Индекс УДК |
__ |
| a |
Индекс УДК |
796:061.2/.3 |
| 090 |
Шифры |
__ |
| c |
Каталожный индекс |
796:061.2/.3 |
| x |
Авторский знак |
А 437 |
| 245 |
Заглавие |
10 |
| a |
Заглавие |
Актуальные проблемы и тенденции развития физической культуры и спорта |
| b |
Продолж. заглавия |
материалы I Всероссийской научно-практической конференции студентов и молодых ученых на иностранном языке (23 мая 2025 г.) |
| c |
Ответственность |
Национальный государственный университет физической культуры, спорта и здоровья им. П.Ф. Лесгафта, Санкт-Петербург |
| c |
Ответственность |
редакционная коллегия: В. Ф. Гришков (председатель), А. А. Баряев, М. Ю. Щенникова (заместители председателя) [и др.] |
| 246 |
Другая форма заглавия |
01 |
| a |
Другая форма заглавия |
Relevant problems and trends in the development of physical education and sports |
| 256 |
Характеристики компьютерного файла |
__ |
| a |
Характеристики компьютерного файла |
Электрон. текстов. дан. (1 файл : 1,28 МБ) |
| 260 |
Выходные данные |
__ |
| a |
Место издания |
Санкт-Петербург |
| b |
Издательство |
НГУ им. П.Ф. Лесгафта |
| c |
Дата издания |
2025 |
| 300 |
Физическое описание |
__ |
| a |
Объем |
Электрон. дан. (1 файл) |
| b |
Иллюстрации/ тип воспроизводства |
ил. |
| 336 |
Вид содержания |
__ |
| a |
Термин вида содержания |
Текст |
| 337 |
Средство доступа |
__ |
| a |
Термин типа средства |
электронный |
| 500 |
Примечания |
__ |
| a |
Примечание |
Режим доступа: Электронный каталог библиотеки. - Загл. с титула экрана. - Электрон. копия печ. версии |
| 504 |
Библиография |
__ |
| a |
Библиография |
Библиогр. в конце ст. |
| 520 |
Аннотация |
0_ |
| a |
Аннотация |
В сборнике представлены материалы I Всероссийской научно-практической конференции студентов и молодых ученых на иностранном языке (23 мая 2025 г.). |
| 521 |
Примеч. о цел. назн. |
0_ |
| e |
Дисциплина |
Теория и методика спорта |
| c |
Направление |
5.8.5 Теория и методика спорта |
| 650 |
Тематические рубрики |
14 |
| a |
Предметная рубрика |
ФИЗКУЛЬТУРА И СПОРТ |
| 650 |
Тематические рубрики |
04 |
| a |
Предметная рубрика |
ТРУДЫ СОТРУДНИКОВ |
| 650 |
Тематические рубрики |
04 |
| a |
Предметная рубрика |
ЭЛЕКТРОННАЯ БИБЛИОТЕКА |
| 653 |
Ключевые слова |
0_ |
| a |
Ключевые слова |
КОНФЕРЕНЦИИ; ФИЗИЧЕСКАЯ КУЛЬТУРА И СПОРТ; НГУ ИМ. П.Ф. ЛЕСГАФТА |
| 700 |
Другие авторы |
12 |
| a |
Другие авторы |
Гришков В.Ф. |
| e |
Роль лиц |
Редактор |
| 700 |
Другие авторы |
12 |
| a |
Другие авторы |
Баряев А.А. |
| e |
Роль лиц |
Редактор |
| 700 |
Другие авторы |
12 |
| a |
Другие авторы |
Щенникова М.Ю. |
| e |
Роль лиц |
Редактор |
| 700 |
Другие авторы |
12 |
| a |
Другие авторы |
Закревская Н.Г. |
| e |
Роль лиц |
Редактор |
| 700 |
Другие авторы |
12 |
| a |
Другие авторы |
Турянская В.А. |
| e |
Роль лиц |
Редактор |
| 700 |
Другие авторы |
12 |
| a |
Другие авторы |
Яковлюк А.Н. |
| e |
Роль лиц |
Редактор |
| 900 |
Макрообъекты |
__ |
| a |
Имя макрообъекта |
Актуальные проблемы и тенденции развития физической культуры и спорта_2025 г. (020582) |
| 901 |
Тип документа |
__ |
| t |
Тип документа |
m |
| 952 |
Тип литературы |
__ |
| a |
Тип литературы для КСУ ВШ |
ЭКН |
| 999 |
Фонд |
__ |
| a |
Фонд |
тип./2026/июнь ЭР |